Sports Quiz

Random Sports or Automobiles Quiz

Find the Audi Racing Cars Quiz Stats

 Plays Quiz not verified by Sporcle

Score 0/12 Timer 03:00
0 Plays Today
% Correct
Audi Sport Quattro A1
76.7%
Audi R8R
69.3%
Audi A4 DTM
67.8%
Audi RS6 SCCA
66.7%
Audi R10 TDI
66.2%
Audi R18 E-Tron Quattro
65.2%
Audi V8 Quattro DTM
64.2%
Audi R8 LMP
63.9%
Audi 200 Trans-Am
63.1%
Audi R8 LMS
62.3%
Audi Sport Quattro S1 E2
61.2%
Audi R15 TDI
60.8%

You're not logged in!

Compare scores with friends on all Sporcle quizzes.
OR
Log In

Sporcle TV

Today on Sporcle TV


Watch our educational content, quiz creation guides, and fun videos on Sporcle TV.

Show Comments

Extras

Top Quizzes Today


Score Distribution

Your Account Isn't Verified!

In order to create a playlist on Sporcle, you need to verify the email address you used during registration. Go to your Sporcle Settings to finish the process.

Report this User

Report this user for behavior that violates our Community Guidelines.

Details: